Country Enemies - Statistics

General Stats
  • This quiz has been taken 80 times
  • The average score is 11 of 14
Answer Stats
Hint Answer % Correct
Palestine Israel
100%
China Taiwan/Hong kong/USA
98%
Armenia Azerbaijan/Turkey
90%
North Korea South Korea/Japan/USA
87%
Russia Ukraine/USA
87%
Ireland United Kingdom
86%
Western Sahara Morocco
84%
Pakistan India
83%
Yemen Saudi Arabia
78%
North Macedonia Greece
75%
Albania Serbia
70%
Georgia Russia
68%
Indonesia Papua New Guinea
54%
Moldova Transnistria
32%
No matching quizzes found
Score Distribution
Percent of People with Each Score
Percentile by Number Answered
Your Score History
You have not taken this quiz